Elements of Probability and Statistics (Record no. 19397)
[ view plain ]
| 000 -LEADER | |
|---|---|
| fixed length control field | 00458nam a22001817a 4500 |
| 003 - CONTROL NUMBER IDENTIFIER | |
| control field | OSt |
| 008 - FIXED-LENGTH DATA ELEMENTS--GENERAL INFORMATION | |
| fixed length control field | 250217b |||||||| |||| 00| 0 eng d |
| 020 ## - INTERNATIONAL STANDARD BOOK NUMBER | |
| ISBN | 0-07-460041-9 |
| 041 ## - LANGUAGE CODE | |
| Language code of text/sound track or separate title | eng |
| 082 ## - DEWEY DECIMAL CLASSIFICATION NUMBER | |
| Classification number | 519.5 |
| Item number | BAI/EL |
| 100 ## - MAIN ENTRY--AUTHOR NAME | |
| Personal name | Baisnab, AP |
| 245 ## - TITLE STATEMENT | |
| Title | Elements of Probability and Statistics |
| 250 ## - EDITION STATEMENT | |
| Edition statement | 2nd Reprint |
| 260 ## - PUBLICATION, DISTRIBUTION, ETC. (IMPRINT) | |
| Place of publication | Delhi: |
| Name of publisher | Tata McGraw Hill Publishing Co Ltd, |
| Year of publication | 1998. |
| 300 ## - PHYSICAL DESCRIPTION | |
| Number of Pages | 405p. |
| 700 ## - ADDED ENTRY--PERSONAL NAME | |
| Personal name | Jas,M |
| 942 ## - ADDED ENTRY ELEMENTS (KOHA) | |
| Koha item type | Books |
| Withdrawn status | Lost status | Damaged status | Home library | Current library | Date acquired | Cost, normal purchase price | Full call number | Accession Number | Koha item type |
|---|---|---|---|---|---|---|---|---|---|
| KAUAET | KAUAET | 17/02/2025 | 115.00 | 519.5 BAI/EL | 19955 | Books |
